00529nam a2200169Ia 4500003000900000005001700009008004100026020001800067040001000085082002200095100002300117245010700140264003800247300002400285650002600309700002400335PH-BoMPS20230607164737.0220516s9999 xx 000 0 und d a971-23-3127-x cMPSPC aTEB 310 As11 2001 aAsaad, Abubakar S.10aStatistics as applied to education and other related fields /c Abubakar S. Asaad & William M. Hailaya aManila : bRex book store, c2001 avii, 133p. ; 22 cm. aStatisticsxEducation aHailaya, William M.